Justin Bieber Filmography - Statistics

General Stats
  • This quiz has been taken 29 times
    5 since last reset
  • The average score is 4 of 69
Answer Stats
Type Year Name % Correct
Concert Film 2011 Justin Bieber: Never Say Never
60%
Commercial 2013 'Believe' - Macy's
40%
Concert Film 2013 Justin Bieber's Believe
40%
Documentary Series 2020 Justin Bieber: Seasons
40%
Film 2016 Zoolander 2
40%
Documentary 2016 Bodyguards: Secret Lives from the Watchtower
20%
TV Show 2010, 2011 CSI: Crime Scene Investigation
20%
TV Show 2020 Dave
20%
TV Special 2012 Justin Bieber: All Around the World
20%
Documentary 2021 Justin Bieber: Our World
20%
Concert Film 2012 Katy Perry: Part of Me
20%
TV Show 2010-2020 Saturday Night Live
20%
Short Documentary 2012 Zendaya: Behind the Scenes
20%
TV Show 2010 American Idol
0%
TV Show 2008 America's Best Dance Crew
0%
TV Special 2015 An Evening with Justin Bieber Purpose Album Release
0%
TV Show 2012 Australia's Got Talent
0%
TV Show 2015 Awkward Puppets
0%
Film 2014 Behaving Badly
0%
Commercial 2011 Best Buy
0%
TV Show 2021 Big Brother Brazil
0%
Commercial 2015-2016 Calvin Klein
0%
TV Special 2015 Comedy Central Roast of Justin Bieber
0%
TV Show 2017 Couples Therapy
0%
TV Show 2010 Cubed
0%
Film TBA Cupid
0%
TV Show 2011 David Haye Versus
0%
Video Game 2010 Disney Sing It: Party Hits
0%
TV Show 2011 Extreme Makeover: Home Edition
0%
TV Special 2011 Festival Z com Justin Bieber
0%
Web Special 2021 Friends: The Reunion
0%
TV Special 2012 Fuse News Presents: Justin Bieber
0%
Short Film 2014 Human Code: Sleep/Water with Justin Bieber and Craig Healy
0%
Documentary 2012 Justin Bieber: Always Believing
0%
Documentary 2011 Justin Bieber: A Star Was Born
0%
Short Documentary 2020 Justin Bieber: Next Chapter
0%
Documentary 2011 Justin Bieber: Rise to Fame
0%
Documentary 2021 Justin Bieber: The New Me
0%
Documentary 2024 Kids Are Growing Up
0%
Film 2017 Killing Hasselhoff
0%
Short Documentary 2014 Lennon or McCartney
0%
TV Show 2015 Lip Sync Battle
0%
Film 2013 Machete Kills
0%
Film 2012 Men in Black 3
0%
TV Show 2009 MTV Live Sessions
0%
TV Special 2017 One Love Manchester
0%
Film 2016 Popstar: Never Stop Stopping
0%
Commercial 2012 Proactiv
0%
TV Show 2012 Punk'd
0%
Short Film 2018 Racist Superman
0%
TV Show 2015 Repeat After Me
0%
TV Show 2012 Ridiculousness
0%
TV Show 2011 Rob Dyrdek's Fantasy Factory
0%
Film 2009 School Gyrls
0%
TV Show 2021 Shark Tank
0%
TV Show 2010 Silent Library
0%
TV Show 2011 So Random!
0%
Documentary Mini-Series 2024 Taylor Swift vs Scooter Braun: Bad Blood
0%
Web Series 2020 The Biebers on Watch
0%
TV Show 2015 The Doctors
0%
Documentary 2024 The Greatest Love Story Never Told
0%
TV Show 2009 The Next Star
0%
TV Show 2013 The Simpsons
0%
TV Show 2021 The Voice
0%
TV Show 2011-2012 The X Factor
0%
TV Show 2015 The X Factor Australia
0%
TV Show 2010, 2011 The X Factor UK
0%
TV Special 2011 This Is Justin Bieber
0%
TV Show 2009 True Jackson, VP
0%
No matching quizzes found
Score Distribution
Percent of People with Each Score
Percentile by Number Answered
Your Score History
You have not taken this quiz since the last reset